UM Logo

Christopher Vo: (Record no. 11564)

MARC details
000 -LEADER
fixed length control field 00691nam a22002177a 4500
003 - CONTROL NUMBER IDENTIFIER
control field OSt
005 - DATE AND TIME OF LATEST TRANSACTION
control field 20200204105455.0
008 - FIXED-LENGTH DATA ELEMENTS--GENERAL INFORMATION
fixed length control field 181212b ||||| |||| 00| 0 eng d
022 ## - INTERNATIONAL STANDARD SERIAL NUMBER
International Standard Serial Number 00116009
040 ## - CATALOGING SOURCE
Transcribing agency 0
082 ## - DEWEY DECIMAL CLASSIFICATION NUMBER
Classification number DPer 792.805 D19 Mar-Aug 2016 v.90, n.3-8
100 ## - MAIN ENTRY--PERSONAL NAME
Personal name Kay, Lauren
9 (RLIN) 33116
245 ## - TITLE STATEMENT
Title Christopher Vo:
Remainder of title the Broadway dancer teaches 12 fitness classes a week/
Statement of responsibility, etc. Lauren Kay.
260 ## - PUBLICATION, DISTRIBUTION, ETC. (IMPRINT)
Place of publication, distribution, etc. New York:
Name of publisher, distributor, etc. Dance Media,
Date of publication, distribution, etc. ©Mar- Aug 2016.
300 ## - PHYSICAL DESCRIPTION
Extent v90 n4, page 50.
Other physical details colored illustrations:
Dimensions 25 cm.
500 ## - GENERAL NOTE
General note Dance magazine
650 ## - SUBJECT ADDED ENTRY--TOPICAL TERM
Topical term or geographic name as entry element Dance
9 (RLIN) 33109
General subdivision Instructor.
650 ## - SUBJECT ADDED ENTRY--TOPICAL TERM
Topical term or geographic name as entry element dance
Form subdivision theraphy
9 (RLIN) 33153
650 ## - SUBJECT ADDED ENTRY--TOPICAL TERM
Topical term or geographic name as entry element Physical fitness
9 (RLIN) 33154
942 ## - ADDED ENTRY ELEMENTS (KOHA)
Source of classification or shelving scheme Dewey Decimal Classification
Koha item type Periodicals
Holdings
Withdrawn status Lost status Source of classification or shelving scheme Damaged status Not for loan Collection code Home library Current library Date acquired Total Checkouts Full call number Date last seen Price effective from Koha item type Public note
    Dewey Decimal Classification     Periodicals UM Digos College - LIC UM Digos College - LIC 12/12/2018   DPer 792.805 D19 Mar-Aug 2016 v.90, n.3-8 12/12/2018 12/12/2018 Periodicals Periodical article